[Event "ODJM A 2024"]
[Site "Willingen GER"]
[Date "2024.05.24"]
[Round "8"]
[White "Dietlmeier, Tobias"]
[Black "Limberg, Thomas"]
[Result "1-0"]
[Termination "normal"]
[Board "28"]
[WhiteElo "1936"]
[BlackElo "1783"]
[WhiteClock "00:36:41"]
[BlackClock "00:02:38"]
[PlyCount "72"]
[WhiteFideId "16213963"]
[BlackFideId "16226755"]
[EventCountry "GER"]
[EventRounds "9"]
[EventType "swiss"]
[EventDate "2024.05.18"]

1. e4 {[%clk 01:30:41]} {[%emt 00:00:18]} e5 {[%clk 01:30:46]} {[%emt
00:00:14]} 2. Nf3 {[%clk 01:30:50]} {[%emt 00:00:21]} Nf6 {[%clk 01:30:46]}
{[%emt 00:00:30]} 3. Nc3 {[%clk 01:26:48]} {[%emt 00:04:32]} Nc6 {[%clk
01:30:53]} {[%emt 00:00:24]} 4. g3 {[%clk 01:25:58]} {[%emt 00:01:20]} Bc5
{[%clk 01:25:01]} {[%emt 00:06:22]} 5. Bg2 {[%clk 01:25:26]} {[%emt 00:01:02]}
d6 {[%clk 01:25:22]} {[%emt 00:00:09]} 6. O-O {[%clk 01:25:02]} {[%emt
00:00:54]} a6 {[%clk 01:25:02]} {[%emt 00:00:50]} 7. d3 {[%clk 01:23:05]}
{[%emt 00:02:26]} h6 {[%clk 01:24:08]} {[%emt 00:01:24]} 8. Be3 {[%clk
01:21:45]} {[%emt 00:01:50]} Bg4 {[%clk 01:19:01]} {[%emt 00:05:38]} 9. Ne2
{[%clk 01:20:49]} {[%emt 00:01:26]} Nd4 {[%clk 01:16:10]} {[%emt 00:03:20]} 10.
Bxd4 {[%clk 01:19:41]} {[%emt 00:01:38]} exd4 {[%clk 01:15:48]} {[%emt
00:00:52]} 11. c3 {[%clk 01:19:50]} {[%emt 00:00:22]} dxc3 {[%clk 01:14:38]}
{[%emt 00:01:41]} 12. bxc3 {[%clk 01:18:42]} {[%emt 00:01:37]} O-O {[%clk
01:14:15]} {[%emt 00:00:52]} 13. d4 {[%clk 01:16:51]} {[%emt 00:02:21]} Bb6
{[%clk 01:12:44]} {[%emt 00:02:01]} 14. Qd3 {[%clk 01:16:03]} {[%emt 00:01:18]}
Re8 {[%clk 01:00:54]} {[%emt 00:12:20]} 15. Nd2 {[%clk 01:15:06]} {[%emt
00:01:27]} c5 {[%clk 00:57:19]} {[%emt 00:04:05]} 16. Rae1 {[%clk 01:11:19]}
{[%emt 00:04:17]} cxd4 {[%clk 00:56:11]} {[%emt 00:01:38]} 17. cxd4 {[%clk
01:11:32]} {[%emt 00:00:17]} Qd7 {[%clk 00:54:17]} {[%emt 00:02:25]} 18. f3
{[%clk 01:06:05]} {[%emt 00:05:57]} Bh3 {[%clk 00:50:13]} {[%emt 00:04:33]} 19.
Bxh3 {[%clk 01:05:21]} {[%emt 00:01:14]} Qxh3 {[%clk 00:50:34]} {[%emt
00:00:09]} 20. Rb1 {[%clk 01:05:26]} {[%emt 00:00:26]} Ba7 {[%clk 00:40:00]}
{[%emt 00:11:05]} 21. Rxb7 {[%clk 01:04:44]} {[%emt 00:01:11]} Qc8 {[%clk
00:28:42]} {[%emt 00:11:49]} 22. Rfb1 {[%clk 01:03:13]} {[%emt 00:02:00]} Nd7
{[%clk 00:27:15]} {[%emt 00:01:57]} 23. Kg2 {[%clk 01:02:47]} {[%emt 00:00:56]}
Nb6 {[%clk 00:25:04]} {[%emt 00:02:41]} 24. R7xb6 {[%clk 01:02:27]} {[%emt
00:00:51]} Bxb6 {[%clk 00:25:24]} {[%emt 00:00:10]} 25. Rxb6 {[%clk 01:02:50]}
{[%emt 00:00:06]} d5 {[%clk 00:24:06]} {[%emt 00:01:49]} 26. Nf4 {[%clk
01:01:28]} {[%emt 00:01:51]} dxe4 {[%clk 00:24:12]} {[%emt 00:00:24]} 27. Nxe4
{[%clk 01:01:49]} {[%emt 00:00:09]} Qc1 {[%clk 00:23:28]} {[%emt 00:01:15]} 28.
Qb3 {[%clk 00:59:27]} {[%emt 00:02:52]} Rac8 {[%clk 00:18:14]} {[%emt
00:05:44]} 29. Rb7 {[%clk 00:52:03]} {[%emt 00:07:54]} Rf8 {[%clk 00:14:47]}
{[%emt 00:03:57]} 30. Nc5 {[%clk 00:44:22]} Qd2+ {[%clk 00:11:53]} {[%emt
00:11:35]} 31. Kh3 {[%clk 00:44:44]} Qxd4 {[%clk 00:12:09]} {[%emt 00:00:22]}
32. Nd7 {[%clk 00:44:27]} Rfd8 {[%clk 00:07:47]} {[%emt 00:05:38]} 33. Ne5
{[%clk 00:40:02]} Qxe5 {[%clk 00:07:08]} {[%emt 00:06:05]} 34. Qxf7+ {[%clk
00:40:23]} Kh7 {[%clk 00:07:27]} {[%emt 00:00:20]} 35. Re7 {[%clk 00:40:04]}
Qa1 {[%clk 00:05:55]} {[%emt 00:05:52]} 36. Re6 {[%clk 00:36:41]} Kh8 {[%clk
00:02:38]} {[%emt 00:06:08]} 1-0

[Event "ODJM A 2024"]
[Site "Willingen GER"]
[Date "2024.05.24"]
[Round "8"]
[White "Möller, Tom"]
[Black "Geist, Denis"]
[Result "0-1"]
[Termination "normal"]
[Board "29"]
[WhiteElo "1902"]
[BlackElo "1847"]
[WhiteClock "00:00:45"]
[BlackClock "00:02:00"]
[PlyCount "67"]
[WhiteFideId "16287215"]
[BlackFideId "34605100"]
[EventCountry "GER"]
[EventRounds "9"]
[EventType "swiss"]
[EventDate "2024.05.18"]

1. d4 {[%clk 01:30:58]} {[%emt 00:00:01]} d5 {[%clk 01:30:32]} {[%emt
00:00:28]} 2. Nc3 {[%clk 01:31:17]} {[%emt 00:00:12]} c5 {[%clk 01:30:32]}
{[%emt 00:00:30]} 3. e4 {[%clk 01:30:20]} {[%emt 00:01:27]} dxe4 {[%clk
01:30:39]} {[%emt 00:00:23]} 4. d5 {[%clk 01:30:39]} {[%emt 00:00:11]} Nf6
{[%clk 01:30:38]} {[%emt 00:00:31]} 5. Bf4 {[%clk 01:26:28]} {[%emt 00:04:41]}
g6 {[%clk 01:30:52]} {[%emt 00:00:15]} 6. Bc4 {[%clk 01:20:18]} {[%emt
00:06:40]} a6 {[%clk 01:25:59]} {[%emt 00:05:24]} 7. a4 {[%clk 01:18:56]}
{[%emt 00:01:51]} Bg7 {[%clk 01:23:39]} {[%emt 00:02:50]} 8. Nge2 {[%clk
01:15:38]} {[%emt 00:03:48]} O-O {[%clk 01:14:59]} {[%emt 00:09:10]} 9. Ng3
{[%clk 01:09:59]} {[%emt 00:06:09]} Nbd7 {[%clk 01:09:28]} {[%emt 00:06:02]}
10. Qd2 {[%clk 00:58:43]} {[%emt 00:11:46]} Nb6 {[%clk 01:02:14]} {[%emt
00:07:44]} 11. Ba2 {[%clk 00:56:49]} {[%emt 00:02:24]} Bd7 {[%clk 00:56:19]}
{[%emt 00:06:25]} 12. Ngxe4 {[%clk 00:37:06]} {[%emt 00:20:11]} Nxe4 {[%clk
00:50:50]} {[%emt 00:05:59]} 13. Nxe4 {[%clk 00:37:30]} {[%emt 00:00:07]} Bxa4
{[%clk 00:36:50]} {[%emt 00:14:30]} 14. Rd1 {[%clk 00:33:58]} {[%emt 00:04:03]}
Rc8 {[%clk 00:29:06]} {[%emt 00:08:13]} 15. Bh6 {[%clk 00:32:05]} {[%emt
00:02:22]} Re8 {[%clk 00:19:00]} {[%emt 00:10:37]} 16. Bxg7 {[%clk 00:29:21]}
{[%emt 00:03:13]} Kxg7 {[%clk 00:19:25]} {[%emt 00:00:05]} 17. h4 {[%clk
00:29:43]} {[%emt 00:00:09]} e6 {[%clk 00:09:30]} {[%emt 00:10:26]} 18. d6
{[%clk 00:25:38]} {[%emt 00:04:35]} Bc6 {[%clk 00:06:24]} {[%emt 00:03:36]} 19.
Qc3+ {[%clk 00:20:08]} {[%emt 00:06:00]} e5 {[%clk 00:06:35]} {[%emt 00:00:19]}
20. d7 {[%clk 00:19:45]} {[%emt 00:00:52]} Nxd7 {[%clk 00:02:41]} {[%emt
00:04:24]} 21. Nd6 {[%clk 00:20:03]} {[%emt 00:00:12]} Bxg2 {[%clk 00:02:18]}
{[%emt 00:00:53]} 22. Rg1 {[%clk 00:19:25]} {[%emt 00:01:07]} Bc6 {[%clk
00:01:46]} {[%emt 00:01:03]} 23. Qe3 {[%clk 00:15:44]} {[%emt 00:04:10]} Qa5+
{[%clk 00:01:16]} {[%emt 00:01:00]} 24. c3 {[%clk 00:06:53]} {[%emt 00:09:21]}
Qxa2 {[%clk 00:01:44]} {[%emt 00:00:03]} 25. Nf5+ {[%clk 00:01:32]} {[%emt
00:05:51]} Kh8 {[%clk 00:02:12]} {[%emt 00:00:02]} 26. Qh6 {[%clk 00:01:01]}
{[%emt 00:01:00]} Rg8 {[%clk 00:02:40]} {[%emt 00:00:02]} 27. Ne7 {[%clk
00:01:02]} {[%emt 00:00:29]} Qe6 {[%clk 00:02:12]} {[%emt 00:00:58]} 28. Nxc8
{[%clk 00:00:58]} {[%emt 00:00:34]} Rxc8 {[%clk 00:02:40]} {[%emt 00:00:03]}
29. h5 {[%clk 00:00:46]} {[%emt 00:00:41]} Rg8 {[%clk 00:02:51]} {[%emt
00:00:20]} 30. Rd3 {[%clk 00:00:47]} {[%emt 00:00:27]} g5 {[%clk 00:01:50]}
{[%emt 00:01:31]} 31. Qxe6 {[%clk 00:00:59]} {[%emt 00:00:18]} fxe6 {[%clk
00:02:17]} {[%emt 00:00:03]} 32. Rd6 {[%clk 00:00:55]} {[%emt 00:00:33]} Nf8
{[%clk 00:02:06]} {[%emt 00:00:42]} 33. Rg3 {[%clk 00:00:45]} {[%emt 00:00:40]}
h6 {[%clk 00:02:00]} {[%emt 00:00:36]} 34. Re3 {[%emt 00:01:00]} 0-1

[Event "ODJM A 2024"]
[Site "Willingen GER"]
[Date "2024.05.24"]
[Round "8"]
[White "Direk, Oguzhan"]
[Black "Kieselbach, Marvin"]
[Result "0-1"]
[Termination "normal"]
[Board "30"]
[WhiteElo "1767"]
[BlackElo "1887"]
[WhiteClock "00:43:03"]
[BlackClock "00:12:41"]
[PlyCount "116"]
[WhiteFideId "16294343"]
[BlackFideId "16235770"]
[EventCountry "GER"]
[EventRounds "9"]
[EventType "swiss"]
[EventDate "2024.05.18"]

1. d4 {[%clk 01:30:59]} {[%emt 00:00:01]} Nf6 {[%clk 01:30:47]} {[%emt
00:00:13]} 2. Nc3 {[%clk 01:31:25]} {[%emt 00:00:04]} d5 {[%clk 01:30:59]}
{[%emt 00:00:18]} 3. Bf4 {[%clk 01:31:51]} {[%emt 00:00:04]} a6 {[%clk
01:29:57]} {[%emt 00:01:32]} 4. e3 {[%clk 01:32:15]} {[%emt 00:00:06]} e6
{[%clk 01:30:13]} {[%emt 00:00:14]} 5. g4 {[%clk 01:29:27]} {[%emt 00:03:19]}
Bb4 {[%clk 01:30:04]} {[%emt 00:00:39]} 6. Nge2 {[%clk 01:29:50]} {[%emt
00:00:06]} O-O {[%clk 01:30:00]} {[%emt 00:00:34]} 7. a3 {[%clk 01:30:14]}
{[%emt 00:00:07]} Be7 {[%clk 01:29:20]} {[%emt 00:01:06]} 8. g5 {[%clk
01:21:11]} {[%emt 00:09:36]} Nfd7 {[%clk 01:28:04]} {[%emt 00:01:44]} 9. h4
{[%clk 01:21:02]} {[%emt 00:00:42]} c5 {[%clk 01:28:01]} {[%emt 00:00:33]} 10.
Rg1 {[%clk 01:17:59]} {[%emt 00:03:32]} Nc6 {[%clk 01:27:48]} {[%emt 00:00:44]}
11. Bh3 {[%clk 01:18:10]} {[%emt 00:00:18]} b5 {[%clk 01:17:44]} {[%emt
00:10:33]} 12. h5 {[%clk 01:12:37]} {[%emt 00:06:04]} Nb6 {[%clk 00:52:56]}
{[%emt 00:25:20]} 13. g6 {[%clk 01:04:02]} {[%emt 00:09:04]} fxg6 {[%clk
00:51:57]} {[%emt 00:01:29]} 14. hxg6 {[%clk 01:01:13]} {[%emt 00:03:18]} h6
{[%clk 00:43:39]} {[%emt 00:08:48]} 15. Bh2 {[%clk 00:34:36]} {[%emt 00:27:06]}
cxd4 {[%clk 00:38:40]} {[%emt 00:05:31]} 16. Nxd4 {[%clk 00:32:16]} {[%emt
00:02:50]} Nxd4 {[%clk 00:37:21]} {[%emt 00:01:49]} 17. exd4 {[%clk 00:32:38]}
{[%emt 00:00:08]} Nc4 {[%clk 00:34:01]} {[%emt 00:03:47]} 18. Qe2 {[%clk
00:26:04]} {[%emt 00:07:07]} e5 {[%clk 00:20:22]} {[%emt 00:14:09]} 19. Bg2
{[%clk 00:24:44]} {[%emt 00:01:49]} e4 {[%clk 00:18:30]} {[%emt 00:02:22]} 20.
Nxd5 {[%clk 00:22:21]} {[%emt 00:02:53]} Qxd5 {[%clk 00:15:31]} {[%emt
00:03:29]} 21. Bxe4 {[%clk 00:22:41]} {[%emt 00:00:09]} Qxd4 {[%clk 00:15:39]}
{[%emt 00:00:23]} 22. c3 {[%clk 00:21:19]} {[%emt 00:01:52]} Qa7 {[%clk
00:06:56]} {[%emt 00:09:12]} 23. Bxa8 {[%clk 00:19:28]} {[%emt 00:02:21]} Qxa8
{[%clk 00:06:51]} {[%emt 00:00:36]} 24. Qxe7 {[%clk 00:19:30]} {[%emt
00:00:27]} Bg4 {[%clk 00:06:29]} {[%emt 00:00:52]} 25. Rxg4 {[%clk 00:17:36]}
{[%emt 00:02:25]} Re8 {[%clk 00:06:51]} {[%emt 00:00:07]} 26. Qxe8+ {[%clk
00:18:01]} {[%emt 00:00:06]} Qxe8+ {[%clk 00:07:14]} {[%emt 00:00:07]} 27. Kf1
{[%clk 00:18:09]} {[%emt 00:00:22]} Nd2+ {[%clk 00:05:20]} {[%emt 00:02:25]}
28. Kg1 {[%clk 00:16:50]} {[%emt 00:01:49]} Qc6 {[%clk 00:04:46]} {[%emt
00:01:03]} 29. Bg3 {[%clk 00:16:30]} {[%emt 00:00:49]} Nf3+ {[%clk 00:02:43]}
{[%emt 00:02:33]} 30. Kf1 {[%clk 00:15:17]} {[%emt 00:01:41]} Nd2+ {[%clk
00:02:29]} {[%emt 00:00:47]} 31. Kg1 {[%clk 00:15:15]} {[%emt 00:00:30]} Nf3+
{[%clk 00:02:40]} {[%emt 00:00:21]} 32. Kf1 {[%clk 00:15:41]} {[%emt 00:00:04]}
Nd2+ {[%clk 00:03:06]} {[%emt 00:00:04]} 33. Kg1 {[%clk 00:16:08]} {[%emt
00:00:03]} Qe6 {[%clk 00:03:13]} {[%emt 00:00:22]} 34. Rf4 {[%clk 00:15:25]}
{[%emt 00:01:13]} Qxg6 {[%clk 00:03:36]} {[%emt 00:00:07]} 35. Rd1 {[%clk
00:14:28]} {[%emt 00:01:28]} Qc2 {[%clk 00:01:50]} {[%emt 00:02:16]} 36. Re1
{[%clk 00:14:38]} {[%emt 00:00:20]} Qxb2 {[%clk 00:01:38]} {[%emt 00:00:43]}
37. Re7 {[%clk 00:14:19]} {[%emt 00:00:45]} Qxc3 {[%clk 00:01:06]} {[%emt
00:01:05]} 38. Rff7 {[%clk 00:13:41]} {[%emt 00:01:08]} Qc1+ {[%clk 00:00:37]}
{[%emt 00:00:59]} 39. Kg2 {[%clk 00:13:32]} {[%emt 00:00:38]} Qc6+ {[%clk
00:00:37]} {[%emt 00:00:30]} 40. Kg1 {[%clk 00:13:23]} {[%emt 00:00:40]} Qg6
{[%clk 00:00:31]} {[%emt 00:00:34]} 41. Rxg7+ {[%clk 00:13:20]} {[%emt
00:00:35]} Qxg7 {[%clk 00:00:54]} {[%emt 00:00:08]} 42. Rxg7+ {[%clk 00:13:47]}
{[%emt 00:00:02]} Kxg7 {[%clk 00:01:15]} {[%emt 00:00:09]} 43. Bd6 {[%clk
00:13:59]} {[%emt 00:00:18]} Nc4 {[%clk 00:29:46]} {[%emt 00:01:59]} 44. Bc5
{[%clk 00:43:34]} {[%emt 00:00:55]} Kf6 {[%clk 00:26:57]} {[%emt 00:03:18]} 45.
Kg2 {[%clk 00:42:44]} {[%emt 00:01:21]} a5 {[%clk 00:18:01]} {[%emt 00:09:25]}
46. Kg3 {[%clk 00:41:44]} {[%emt 00:01:29]} Kf5 {[%clk 00:16:48]} {[%emt
00:01:44]} 47. Kh4 {[%clk 00:40:46]} {[%emt 00:01:28]} Kf4 {[%clk 00:15:30]}
{[%emt 00:01:48]} 48. Kh5 {[%clk 00:40:48]} {[%emt 00:00:28]} Kf3 {[%clk
00:15:48]} {[%emt 00:00:11]} 49. Kxh6 {[%clk 00:40:53]} {[%emt 00:00:25]} Nxa3
{[%clk 00:15:42]} {[%emt 00:00:36]} 50. Bxa3 {[%clk 00:40:57]} {[%emt
00:00:26]} b4 {[%clk 00:16:00]} {[%emt 00:00:11]} 51. Bb2 {[%clk 00:41:20]}
{[%emt 00:00:07]} Kxf2 {[%clk 00:14:20]} {[%emt 00:02:10]} 52. Kg5 {[%clk
00:41:33]} {[%emt 00:00:18]} Ke3 {[%clk 00:14:37]} {[%emt 00:00:11]} 53. Kf5
{[%clk 00:41:56]} {[%emt 00:00:09]} Kd3 {[%clk 00:14:48]} {[%emt 00:00:18]} 54.
Ke5 {[%clk 00:42:17]} {[%emt 00:00:10]} a4 {[%clk 00:14:49]} {[%emt 00:00:28]}
55. Kd5 {[%clk 00:42:32]} {[%emt 00:00:15]} a3 {[%clk 00:14:46]} {[%emt
00:00:32]} 56. Bf6 {[%clk 00:42:40]} {[%emt 00:00:22]} b3 {[%clk 00:14:59]}
{[%emt 00:00:17]} 57. Kc5 {[%clk 00:43:00]} {[%emt 00:00:10]} b2 {[%clk
00:12:17]} {[%emt 00:03:12]} 58. Bxb2 {[%clk 00:43:03]} {[%emt 00:00:27]} axb2
{[%clk 00:12:41]} {[%emt 00:00:06]} 0-1

[Event "ODJM A 2024"]
[Site "Willingen GER"]
[Date "2024.05.24"]
[Round "8"]
[White "Schmidt, Boris"]
[Black "Hoffmann, Alexander"]
[Result "1-0"]
[Termination "normal"]
[Board "31"]
[WhiteElo "1918"]
[BlackElo "1901"]
[WhiteClock "00:15:19"]
[BlackClock "00:21:47"]
[PlyCount "93"]
[WhiteFideId "16238036"]
[BlackFideId "16240219"]
[EventCountry "GER"]
[EventRounds "9"]
[EventType "swiss"]
[EventDate "2024.05.18"]

1. e4 {[%clk 01:30:58]} {[%emt 00:00:02]} c5 {[%clk 01:30:53]} {[%emt
00:00:08]} 2. c3 {[%clk 01:31:21]} {[%emt 00:00:07]} Nf6 {[%clk 01:31:14]}
{[%emt 00:00:08]} 3. e5 {[%clk 01:31:47]} {[%emt 00:00:04]} Nd5 {[%clk
01:31:33]} {[%emt 00:00:11]} 4. Bc4 {[%clk 01:32:12]} {[%emt 00:00:05]} Nb6
{[%clk 01:31:56]} {[%emt 00:00:08]} 5. Bb3 {[%clk 01:32:38]} {[%emt 00:00:06]}
d5 {[%clk 01:32:10]} {[%emt 00:00:13]} 6. exd6 {[%clk 01:33:03]} {[%emt
00:00:06]} Qxd6 {[%clk 01:32:31]} {[%emt 00:00:09]} 7. Ne2 {[%clk 01:33:26]}
{[%emt 00:00:06]} Nc6 {[%clk 01:30:41]} {[%emt 00:02:20]} 8. O-O {[%clk
01:33:40]} {[%emt 00:00:16]} Bg4 {[%clk 01:30:45]} {[%emt 00:00:26]} 9. Qe1
{[%clk 01:34:04]} {[%emt 00:00:07]} e6 {[%clk 01:30:55]} {[%emt 00:00:21]} 10.
Na3 {[%clk 01:30:56]} {[%emt 00:03:38]} a6 {[%clk 01:30:02]} {[%emt 00:01:24]}
11. d4 {[%clk 01:18:17]} {[%emt 00:13:10]} cxd4 {[%clk 01:28:50]} {[%emt
00:01:41]} 12. Nxd4 {[%clk 01:18:03]} {[%emt 00:00:44]} Nxd4 {[%clk 01:27:14]}
{[%emt 00:02:06]} 13. cxd4 {[%clk 01:18:29]} {[%emt 00:00:04]} Bf5 {[%clk
01:20:44]} {[%emt 00:07:00]} 14. Qa5 {[%clk 01:11:35]} {[%emt 00:07:25]} Be7
{[%clk 01:14:49]} {[%emt 00:06:24]} 15. d5 {[%clk 00:33:33]} {[%emt 00:38:33]}
e5 {[%clk 01:08:35]} {[%emt 00:06:44]} 16. Be3 {[%clk 00:33:26]} {[%emt
00:00:37]} Nd7 {[%clk 01:02:52]} {[%emt 00:06:12]} 17. Nb5 {[%clk 00:29:51]}
{[%emt 00:04:06]} Qg6 {[%clk 00:59:15]} {[%emt 00:04:05]} 18. Nc7+ {[%clk
00:22:37]} {[%emt 00:07:45]} Kf8 {[%clk 00:59:00]} {[%emt 00:00:46]} 19. Qd2
{[%clk 00:23:02]} {[%emt 00:00:04]} Rc8 {[%clk 00:52:39]} {[%emt 00:06:50]} 20.
Rac1 {[%clk 00:23:25]} {[%emt 00:00:08]} Kg8 {[%clk 00:50:50]} {[%emt
00:02:19]} 21. f4 {[%clk 00:11:11]} {[%emt 00:12:44]} e4 {[%clk 00:35:44]}
{[%emt 00:15:36]} 22. Qa5 {[%clk 00:07:40]} {[%emt 00:04:01]} h6 {[%clk
00:31:43]} {[%emt 00:04:30]} 23. Rf2 {[%clk 00:06:26]} {[%emt 00:01:45]} Kh7
{[%clk 00:27:58]} {[%emt 00:04:15]} 24. Rfc2 {[%clk 00:06:51]} {[%emt
00:00:04]} b6 {[%clk 00:17:11]} {[%emt 00:11:18]} 25. Qxa6 {[%clk 00:07:08]}
{[%emt 00:00:14]} Bc5 {[%clk 00:17:29]} {[%emt 00:00:11]} 26. Bxc5 {[%clk
00:06:32]} {[%emt 00:01:06]} Nxc5 {[%clk 00:17:53]} {[%emt 00:00:06]} 27. Rxc5
{[%clk 00:06:44]} {[%emt 00:00:18]} bxc5 {[%clk 00:17:57]} {[%emt 00:00:26]}
28. Qxg6+ {[%emt 00:00:02]} Kxg6 {[%clk 00:17:03]} {[%emt 00:01:23]} 29. Rxc5
{[%clk 00:07:41]} {[%emt 00:00:02]} Rhd8 {[%clk 00:16:32]} {[%emt 00:01:01]}
30. Bc4 {[%clk 00:02:59]} {[%emt 00:05:12]} Rd6 {[%clk 00:11:25]} {[%emt
00:05:36]} 31. b4 {[%clk 00:02:38]} {[%emt 00:00:51]} Kf6 {[%clk 00:07:27]}
{[%emt 00:04:27]} 32. a4 {[%clk 00:02:48]} {[%emt 00:00:20]} Ke7 {[%clk
00:04:51]} {[%emt 00:03:06]} 33. Nb5 {[%clk 00:02:21]} {[%emt 00:00:58]} Ra6
{[%clk 00:03:26]} {[%emt 00:01:55]} 34. Nc3 {[%clk 00:01:41]} {[%emt 00:01:10]}
Rxc5 {[%clk 00:02:55]} {[%emt 00:01:02]} 35. bxc5 {[%clk 00:02:06]} {[%emt
00:00:04]} Ra5 {[%clk 00:02:53]} {[%emt 00:00:32]} 36. Bb5 {[%clk 00:02:30]}
{[%emt 00:00:06]} Bc8 {[%clk 00:02:31]} {[%emt 00:00:52]} 37. Nxe4 {[%clk
00:02:22]} {[%emt 00:00:38]} Ba6 {[%clk 00:02:45]} {[%emt 00:00:15]} 38. d6+
{[%clk 00:02:50]} {[%emt 00:00:03]} Kd8 {[%clk 00:02:53]} {[%emt 00:00:22]} 39.
Nc3 {[%clk 00:01:30]} {[%emt 00:01:49]} Bxb5 {[%clk 00:02:49]} {[%emt
00:00:34]} 40. axb5 {[%clk 00:01:47]} {[%emt 00:00:14]} Ra3 {[%clk 00:02:42]}
{[%emt 00:00:37]} 41. Nd5 {[%clk 00:22:22]} {[%emt 00:09:55]} Rb3 {[%clk
00:28:08]} {[%emt 00:05:04]} 42. b6 {[%clk 00:16:34]} {[%emt 00:06:18]} Kd7
{[%clk 00:25:06]} {[%emt 00:03:32]} 43. Ne7 {[%clk 00:16:58]} {[%emt 00:00:06]}
Rc3 {[%clk 00:25:07]} {[%emt 00:00:29]} 44. b7 {[%clk 00:17:24]} {[%emt
00:00:04]} Rb3 {[%clk 00:25:15]} {[%emt 00:00:22]} 45. h4 {[%clk 00:15:18]}
{[%emt 00:02:35]} g6 {[%clk 00:24:02]} {[%emt 00:01:43]} 46. Kf2 {[%clk
00:15:06]} {[%emt 00:00:42]} Ke6 {[%clk 00:21:47]} {[%emt 00:02:44]} 47. Nc6
{[%clk 00:15:19]} {[%emt 00:00:18]} 1-0

[Event "ODJM A 2024"]
[Site "Willingen GER"]
[Date "2024.05.24"]
[Round "8"]
[White "Andresen, Marc"]
[Black "Andrade, Ruben"]
[Result "1/2-1/2"]
[Termination "normal"]
[Board "32"]
[WhiteElo "1879"]
[BlackElo "1968"]
[WhiteClock "00:00:39"]
[BlackClock "00:04:20"]
[PlyCount "69"]
[WhiteFideId "16233719"]
[BlackFideId "16246829"]
[EventCountry "GER"]
[EventRounds "9"]
[EventType "swiss"]
[EventDate "2024.05.18"]

1. e4 {[%clk 01:30:55]} {[%emt 00:00:04]} e5 {[%clk 01:30:23]} {[%emt
00:00:36]} 2. Nf3 {[%clk 01:31:20]} {[%emt 00:00:04]} Nc6 {[%clk 01:30:50]}
{[%emt 00:00:05]} 3. Bb5 {[%clk 01:31:45]} {[%emt 00:00:07]} a6 {[%clk
01:31:17]} 4. Ba4 {[%clk 01:32:10]} {[%emt 00:00:04]} d6 {[%clk 01:31:17]}
{[%emt 00:00:29]} 5. Nc3 {[%clk 01:32:05]} {[%emt 00:00:36]} Nf6 {[%clk
01:31:09]} {[%emt 00:00:38]} 6. Bxc6+ {[%clk 01:32:25]} {[%emt 00:00:10]} bxc6
{[%clk 01:31:35]} {[%emt 00:00:05]} 7. d4 {[%clk 01:32:51]} {[%emt 00:00:04]}
exd4 {[%clk 01:31:57]} {[%emt 00:00:08]} 8. Nxd4 {[%clk 01:33:17]} {[%emt
00:00:04]} c5 {[%clk 01:32:21]} {[%emt 00:00:06]} 9. Nc6 {[%clk 01:33:42]}
{[%emt 00:00:04]} Qd7 {[%clk 01:32:48]} {[%emt 00:00:04]} 10. Na5 {[%clk
01:34:08]} {[%emt 00:00:05]} Qg4 {[%clk 01:33:07]} {[%emt 00:00:10]} 11. O-O
{[%clk 01:34:33]} {[%emt 00:00:05]} Qxd1 {[%clk 01:33:16]} {[%emt 00:00:21]}
12. Rxd1 {[%clk 01:34:58]} {[%emt 00:00:04]} h6 {[%clk 01:10:46]} {[%emt
00:23:00]} 13. Re1 {[%clk 01:19:41]} {[%emt 00:15:47]} Be6 {[%clk 01:00:27]}
{[%emt 00:10:49]} 14. Nd5 {[%clk 00:54:27]} {[%emt 00:25:45]} O-O-O {[%clk
00:54:43]} {[%emt 00:06:13]} 15. c4 {[%clk 00:43:10]} {[%emt 00:11:47]} Re8
{[%clk 00:44:53]} {[%emt 00:10:20]} 16. Bd2 {[%clk 00:40:13]} {[%emt 00:03:27]}
Bd7 {[%clk 00:43:04]} {[%emt 00:02:18]} 17. Nxf6 {[%clk 00:32:06]} {[%emt
00:08:38]} gxf6 {[%clk 00:43:26]} {[%emt 00:00:08]} 18. a3 {[%clk 00:32:16]}
{[%emt 00:00:20]} Rg8 {[%clk 00:34:10]} {[%emt 00:09:45]} 19. b4 {[%clk
00:29:19]} {[%emt 00:03:29]} Bh3 {[%clk 00:34:33]} {[%emt 00:00:06]} 20. g3
{[%clk 00:29:37]} {[%emt 00:00:12]} cxb4 {[%clk 00:31:16]} {[%emt 00:03:46]}
21. axb4 {[%clk 00:30:00]} {[%emt 00:00:08]} f5 {[%clk 00:31:03]} {[%emt
00:00:43]} 22. Nc6 {[%clk 00:23:06]} {[%emt 00:07:25]} Kd7 {[%clk 00:19:03]}
{[%emt 00:12:30]} 23. Rxa6 {[%clk 00:19:00]} {[%emt 00:04:36]} fxe4 {[%clk
00:19:26]} {[%emt 00:00:06]} 24. b5 {[%clk 00:19:03]} {[%emt 00:00:28]} Bg7
{[%clk 00:19:24]} {[%emt 00:00:31]} 25. Ra7 {[%clk 00:17:57]} {[%emt 00:01:36]}
Ra8 {[%clk 00:11:09]} {[%emt 00:08:44]} 26. Rxe4 {[%clk 00:10:48]} {[%emt
00:07:40]} Rxa7 {[%clk 00:05:30]} {[%emt 00:06:09]} 27. Re7+ {[%clk 00:11:13]}
{[%emt 00:00:05]} Kc8 {[%clk 00:05:54]} {[%emt 00:00:05]} 28. Nxa7+ {[%clk
00:11:40]} {[%emt 00:00:04]} Kb7 {[%clk 00:06:16]} {[%emt 00:00:07]} 29. Be3
{[%clk 00:12:06]} {[%emt 00:00:05]} Bf6 {[%clk 00:03:01]} {[%emt 00:03:45]} 30.
Rxf7 {[%clk 00:10:21]} {[%emt 00:02:15]} Bg5 {[%clk 00:03:27]} {[%emt
00:00:04]} 31. f4 {[%clk 00:07:53]} {[%emt 00:02:59]} Be6 {[%clk 00:03:14]}
{[%emt 00:00:42]} 32. Rh7 {[%clk 00:01:59]} {[%emt 00:06:24]} Bf5 {[%clk
00:03:30]} {[%emt 00:00:14]} 33. Rf7 {[%clk 00:02:25]} {[%emt 00:00:04]} Be6
{[%clk 00:03:53]} {[%emt 00:00:07]} 34. Rh7 {[%clk 00:00:39]} {[%emt 00:02:16]}
Bf5 {[%clk 00:04:20]} {[%emt 00:00:03]} 35. Rf7 {[%emt 00:00:24]} 1/2-1/2